000 00368nam a2200157Ia 4500
008 240515s2024 xx und d
041 _aeng
082 _a615.1 /MUN
100 _aM.Muiappan
245 _aTextbook of Modern Pharamcology
250 _aRe2024
260 _bCBS Publishing
_c2024
300 _a514p
520 _aDIPLOMA
650 _aPharmacology
999 _c1164618
_d1164618